000 00653nam a2200241Ia 4500
005 20260429112308.0
008 260429s9999||||xx |||||||||||||| ||und||
020 _a9789357514231
041 _aEnglish
082 _a370.71
_bSEL
100 _aSelvam, Panneer S.K.
245 0 _aFuture teachers /
_cPanneer S.K. Selvam
260 _aNew Delhi :
_bRandom Publications,
_c2025.
300 _ax, 274 p.; hb
650 _a Educational training
650 _a Pedagogy
650 _a Teacher development
650 _a Teaching profession
650 _aTeacher education
700 _a Balakrishnan, V.
700 _a Singh, Jai
942 _cTB
999 _c53357
_d53357